<?xml version="1.0" encoding="UTF-8"?>
<record
    xmlns:xsi="http://www.w3.org/2001/XMLSchema-instance"
    xsi:schemaLocation="http://www.loc.gov/MARC21/slim http://www.loc.gov/standards/marcxml/schema/MARC21slim.xsd"
    xmlns="http://www.loc.gov/MARC21/slim">

  <leader>01686nam0a22003251  4500</leader>
  <controlfield tag="001">v19\rc\1458750</controlfield>
  <controlfield tag="005">20250618142950.0</controlfield>
  <datafield tag="035" ind1=" " ind2=" ">
    <subfield code="a">(NLR Aleph) 004597269</subfield>
  </datafield>
  <datafield tag="090" ind1=" " ind2=" ">
    <subfield code="a">2737740</subfield>
    <subfield code="c">2737740</subfield>
  </datafield>
  <datafield tag="100" ind1=" " ind2=" ">
    <subfield code="a">20060620d1875    |||y0rusy50      ca</subfield>
  </datafield>
  <datafield tag="101" ind1="0" ind2=" ">
    <subfield code="a">rus</subfield>
  </datafield>
  <datafield tag="102" ind1=" " ind2=" ">
    <subfield code="a">RU</subfield>
  </datafield>
  <datafield tag="105" ind1=" " ind2=" ">
    <subfield code="a">y   z   |||||</subfield>
  </datafield>
  <datafield tag="200" ind1="1" ind2=" ">
    <subfield code="a">&#x422;&#x435;&#x445;&#x43D;&#x438;&#x447;&#x435;&#x441;&#x43A;&#x438;&#x435; &#x43F;&#x440;&#x43E;&#x438;&#x437;&#x432;&#x43E;&#x434;&#x441;&#x442;&#x432;&#x430; &#x432; &#x422;&#x443;&#x440;&#x43A;&#x435;&#x441;&#x442;&#x430;&#x43D;&#x441;&#x43A;&#x43E;&#x43C; &#x43A;&#x440;&#x430;&#x435;</subfield>
    <subfield code="f">[&#x421;&#x43E;&#x447;.] &#x41C;.&#x418;. &#x411;&#x440;&#x43E;&#x434;&#x43E;&#x432;&#x441;&#x43A;&#x43E;&#x433;&#x43E;, &#x441;&#x435;&#x43A;&#x440;&#x435;&#x442;&#x430;&#x440;&#x44F; &#x422;&#x443;&#x440;&#x43A;&#x435;&#x441;&#x442;. &#x43E;&#x442;&#x434;. &#x418;&#x43C;&#x43F;. &#x41C;&#x43E;&#x441;&#x43A;. &#x43E;-&#x432;&#x430; &#x43B;&#x44E;&#x431;&#x438;&#x442;&#x435;&#x43B;&#x435;&#x439; &#x435;&#x441;&#x442;&#x435;&#x441;&#x442;&#x432;&#x43E;&#x437;&#x43D;&#x430;&#x43D;&#x438;&#x44F;, &#x44D;&#x442;&#x43D;&#x43E;&#x433;&#x440;&#x430;&#x444;&#x438;&#x438; &#x438; &#x430;&#x43D;&#x442;&#x440;&#x43E;&#x43F;&#x43E;&#x43B;&#x43E;&#x433;&#x438;&#x438;</subfield>
    <subfield code="g">[&#x41F;&#x440;&#x435;&#x434;&#x438;&#x441;&#x43B;.: &#x410;.&#x41B;. &#x41A;&#x443;&#x43D;]</subfield>
  </datafield>
  <datafield tag="210" ind1=" " ind2=" ">
    <subfield code="a">&#x421;&#x430;&#x43D;&#x43A;&#x442;-&#x41F;&#x435;&#x442;&#x435;&#x440;&#x431;&#x443;&#x440;&#x433;</subfield>
    <subfield code="c">&#x442;&#x438;&#x43F;. &#x412;. &#x414;&#x435;&#x43C;&#x430;&#x43A;&#x43E;&#x432;&#x430;</subfield>
    <subfield code="d">1875</subfield>
  </datafield>
  <datafield tag="215" ind1=" " ind2=" ">
    <subfield code="a">[6], II, 99 &#x441;.</subfield>
    <subfield code="d">25</subfield>
  </datafield>
  <datafield tag="311" ind1=" " ind2=" ">
    <subfield code="a">&#x41F;&#x440;&#x438;&#x43B;. &#x43A; &#x41F;&#x440;&#x43E;&#x43C;&#x44B;&#x441;&#x43B;&#x43E;&#x432;&#x43E;&#x43C;&#x443; &#x430;&#x43B;&#x44C;&#x431;&#x43E;&#x43C;&#x443; &#x422;&#x443;&#x440;&#x43A;&#x435;&#x441;&#x442;. &#x43A;&#x440;&#x430;&#x44F; &#x441;&#x43E;&#x441;&#x442;. &#x438; &#x438;&#x437;&#x434;. &#x43F;&#x43E; &#x440;&#x430;&#x441;&#x43F;&#x43E;&#x440;&#x44F;&#x436;&#x435;&#x43D;&#x438;&#x44E; &#x433;. &#x422;&#x443;&#x440;&#x43A;&#x435;&#x441;&#x442;. &#x433;&#x435;&#x43D;.-&#x433;&#x443;&#x431;&#x435;&#x440;&#x43D;&#x430;&#x442;&#x43E;&#x440;&#x430; &#x433;&#x435;&#x43D;&#x430;&#x434;&#x44A;&#x44E;&#x442;&#x430;&#x43D;&#x442;&#x430; &#x41A;.&#x41F;. &#x444;&#x43E;&#x43D; &#x41A;&#x430;&#x443;&#x444;&#x43C;&#x430;&#x43D; 1-&#x433;&#x43E;</subfield>
  </datafield>
  <datafield tag="422" ind1=" " ind2="0">
    <subfield code="1">2001#$a&#x41F;&#x440;&#x43E;&#x43C;&#x44B;&#x441;&#x43B;&#x43E;&#x432;&#x44B;&#x439; &#x430;&#x43B;&#x44C;&#x431;&#x43E;&#x43C; &#x422;&#x443;&#x440;&#x43A;&#x435;&#x441;&#x442;&#x430;&#x43D;&#x441;&#x43A;&#x43E;&#x433;&#x43E; &#x43A;&#x440;&#x430;&#x44F;</subfield>
    <subfield code="t">&#x41F;&#x440;&#x43E;&#x43C;&#x44B;&#x441;&#x43B;&#x43E;&#x432;&#x44B;&#x439; &#x430;&#x43B;&#x44C;&#x431;&#x43E;&#x43C; &#x422;&#x443;&#x440;&#x43A;&#x435;&#x441;&#x442;&#x430;&#x43D;&#x441;&#x43A;&#x43E;&#x433;&#x43E; &#x43A;&#x440;&#x430;&#x44F;</subfield>
  </datafield>
  <datafield tag="700" ind1=" " ind2="1">
    <subfield code="7">ca</subfield>
    <subfield code="8">rus</subfield>
    <subfield code="a">&#x411;&#x440;&#x43E;&#x434;&#x43E;&#x432;&#x441;&#x43A;&#x438;&#x439;</subfield>
    <subfield code="b">&#x41C;. &#x418;.</subfield>
    <subfield code="c">&#x433;&#x43E;&#x441;. &#x447;&#x438;&#x43D;&#x43E;&#x432;&#x43D;&#x438;&#x43A;</subfield>
    <subfield code="f">19 &#x432;.</subfield>
    <subfield code="g">&#x41C;&#x438;&#x445;&#x430;&#x438;&#x43B; &#x418;&#x432;&#x430;&#x43D;&#x43E;&#x432;&#x438;&#x447;</subfield>
    <subfield code="9">223827</subfield>
    <subfield code="3">RU\NLR\AUTH\770223883</subfield>
  </datafield>
  <datafield tag="702" ind1=" " ind2="1">
    <subfield code="a">&#x41A;&#x443;&#x43D;</subfield>
    <subfield code="b">&#x410;.&#x41B;.</subfield>
    <subfield code="g">&#x410;&#x43B;&#x435;&#x43A;&#x441;&#x430;&#x43D;&#x434;&#x440; &#x41B;&#x44E;&#x434;&#x432;&#x438;&#x433;&#x43E;&#x432;&#x438;&#x447;</subfield>
    <subfield code="4">080</subfield>
  </datafield>
  <datafield tag="801" ind1=" " ind2="0">
    <subfield code="a">RU</subfield>
    <subfield code="b">NLR</subfield>
    <subfield code="g">psbo</subfield>
  </datafield>
  <datafield tag="801" ind1=" " ind2="0">
    <subfield code="a">RU</subfield>
    <subfield code="b">RuMoRGB</subfield>
    <subfield code="2">psbo</subfield>
  </datafield>
  <datafield tag="801" ind1=" " ind2="1">
    <subfield code="a">RU</subfield>
    <subfield code="b">ProSoft-M</subfield>
    <subfield code="2">rusmarc</subfield>
  </datafield>
  <datafield tag="852" ind1=" " ind2=" ">
    <subfield code="a">NLR</subfield>
    <subfield code="j">18.114.8.289</subfield>
  </datafield>
  <datafield tag="899" ind1=" " ind2=" ">
    <subfield code="a">RuMoRGB</subfield>
    <subfield code="j">C 16/172</subfield>
  </datafield>
  <datafield tag="899" ind1=" " ind2=" ">
    <subfield code="a">&#x411;&#x410;&#x41D;</subfield>
  </datafield>
  <datafield tag="899" ind1=" " ind2=" ">
    <subfield code="a">&#x413;&#x41F;&#x418;&#x411;</subfield>
  </datafield>
  <datafield tag="899" ind1=" " ind2=" ">
    <subfield code="a">&#x41D;&#x411; &#x41C;&#x413;&#x423;</subfield>
  </datafield>
  <datafield tag="942" ind1=" " ind2=" ">
    <subfield code="c">BOOK</subfield>
  </datafield>
  <datafield tag="980" ind1=" " ind2=" ">
    <subfield code="a">NB</subfield>
  </datafield>
  <datafield tag="995" ind1=" " ind2=" ">
    <subfield code="5">2013-10-26</subfield>
    <subfield code="b">NLR02</subfield>
    <subfield code="c">NLR02</subfield>
    <subfield code="e">RFS</subfield>
    <subfield code="f">4597269-10</subfield>
    <subfield code="k">18.114.8.289</subfield>
    <subfield code="o">0</subfield>
    <subfield code="r">BOOK</subfield>
    <subfield code="s">181148289_</subfield>
  </datafield>
  <datafield tag="995" ind1=" " ind2=" ">
    <subfield code="5">2013-10-26</subfield>
    <subfield code="b">NLR01</subfield>
    <subfield code="c">NLR01</subfield>
    <subfield code="e">TEMP</subfield>
    <subfield code="f">4597269-30</subfield>
    <subfield code="o">0</subfield>
    <subfield code="r">BOOK</subfield>
  </datafield>
  <datafield tag="995" ind1=" " ind2=" ">
    <subfield code="5">2013-10-26</subfield>
    <subfield code="b">NLR01</subfield>
    <subfield code="c">NLR01</subfield>
    <subfield code="e">TEMP</subfield>
    <subfield code="f">4597269-40</subfield>
    <subfield code="o">0</subfield>
    <subfield code="r">BOOK</subfield>
  </datafield>
  <datafield tag="995" ind1=" " ind2=" ">
    <subfield code="5">2013-10-26</subfield>
    <subfield code="b">NLR01</subfield>
    <subfield code="c">NLR01</subfield>
    <subfield code="e">TEMP</subfield>
    <subfield code="f">4597269-50</subfield>
    <subfield code="o">0</subfield>
    <subfield code="r">BOOK</subfield>
  </datafield>
</record>
